Geografía de la pobreza en el norte grande argentino (Registro nro. 3940)
[ vista simple ]
| 000 -LEADER | |
|---|---|
| fixed length control field | 03062 a2200241 4500 |
| 001 - CONTROL NUMBER | |
| control field | 45487 |
| 005 - DATE AND TIME OF LATEST TRANSACTION | |
| control field | 20260407155727.0 |
| 008 - FIXED-LENGTH DATA ELEMENTS--GENERAL INFORMATION | |
| fixed length control field | 260407a2009 arg spa d |
| 003 - CONTROL NUMBER IDENTIFIER | |
| control field | AR-UNSa-BCEJYS |
| 040 ## - CATALOGING SOURCE | |
| Original cataloging agency | AR-UNSa-BCEJYS |
| Language of cataloging | spa |
| Transcribing agency | AR-UNSa-BCEJYS |
| 080 ## - UNIVERSAL DECIMAL CLASSIFICATION NUMBER | |
| Universal Decimal Classification number | 338.124 |
| Common auxiliary subdivision | Retroceso de la actividad económica. Contracción económica (Pobreza...) |
| 020 ## - INTERNATIONAL STANDARD BOOK NUMBER | |
| International Standard Book Number | 978-987-05-7010-3 |
| 041 ## - LANGUAGE CODE | |
| Language code of text/sound track or separate title | spa |
| 100 1# - MAIN ENTRY--PERSONAL NAME | |
| Personal name | Paolasso, Pablo |
| 245 10 - TITLE STATEMENT | |
| Title | Geografía de la pobreza en el norte grande argentino |
| 264 #1 - PRODUCTION, PUBLICATION, DISTRIBUTION, MANUFACTURE, AND COPYRIGHT NOTICE | |
| Place of production, publication, distribution, manufacture | Tucumán : |
| Name of producer, publisher, distributor, manufacturer | Instituto de Investigaciones Geohistóricas CONICET |
| Date of production, publication, distribution, manufacture, or copyright notice | 2009 |
| 300 ## - PHYSICAL DESCRIPTION | |
| Extent | 294 p. |
| Dimensions | 28 cm. |
| 505 ## - FORMATTED CONTENTS NOTE | |
| Formatted contents note | Capítulo I : Objetivos y métodos : A. Objetivos generales y específicos. Campo conceptual y metodológico / Alfredo Bolsi, Horacio Madariaga, Norma Meichtry y Pablo Paolasso – B. La pobreza según otros indicadores. Posibilidades y problemas / Alejandra Fantín, Horacio Madariaga, Norma Meichtry y Pablo Paolasso – C. Sobre los conceptos de pobreza y subdesarrollo en el pensamiento económico moderno. La pobreza en la teoría económica tradicional / Hugo Ferullo - - Capítulo II : Núcleos duros, índices vitales y escenarios : A. Incidencia, intensidad y “ núcleos duros “ de la pobreza en el norte grande Argentino / Alfredo Bolsi, Claudia Hernández, Horacio Madariaga y Pablo Paolasso – B. El comportamiento de los índices vitales durante la década de 1990 / Alejandra Fantín, Fernando Longhi y Patricia Ortiz de D´Arterio – C. Algunos escenarios de la pobreza de un territorio fraccionado / Alfredo Bolsi, Alejandro Fntaín, Norma Meichtry, Pablo Paolasso y Viviana Pérez - - Capitulo III : El territorio : A. Ámbitos regional. Interrogantes y conjeturas. El territorio del norte grande Argentino como contexto de la pobreza / Alfredo Bolsi, Fernando Longhi, Norma Meichtry y Pablo Paolasso - - Capítulo IV : Caracteres de la pobreza según sus niveles : A. Atributos de los hogares y de la población del norte según los niveles de pobreza / Alfredo Bolsi y Horacio Madariaga con la colaboración de Viviana Pérez – B. Natalidad y mortalidad según los niveles de pobreza en el norte grande Argentino / Alejandra Fantín, Fernando Longhi y Patricia Ortiz de D´Arterio - - Capítulo V : Mundo agrario y pobreza : A. Mundo agrario y pobreza / Alfredo Bolsi, Pablo Paolasso y Ana Rivas - - Capítulo VI : Las ciudades y sus pobres : A. La pobreza en los aglomerados urbanos del norte grande Argentino / Alfredo Bolsi y Marcelo Mignone – B. Las condiciones de la pobreza en las localidades intermedias / Pablo Paolasso y Matías Toni – C. Notas sobre la pobreza urbana del norte a partir de las encuestas permanentes de hogares / Alfredo Bolsi – D. Migraciones intraprovinciales y pobreza en las capitales del norte grande Argentino entre 1995 y 2002 / Pablo Paolasso y Viviana Pérez. |
| 590 ## - LOCAL NOTE (RLIN) | |
| Local note | niveau_biblio:m niveau_hierar:0 |
| 700 1# - ADDED ENTRY--PERSONAL NAME | |
| Personal name | Bolsi, Alfredo S.C. |
| 856 41 - ELECTRONIC LOCATION AND ACCESS | |
| Uniform Resource Identifier | <a href="https://www.biblioeco.unsa.edu.ar/pmb/images/libros/L127119">https://www.biblioeco.unsa.edu.ar/pmb/images/libros/L127119</a> |
| Link text | Imagen de portada |
| Electronic format type | image/jpeg |
| 942 ## - ADDED ENTRY ELEMENTS (KOHA) | |
| Koha item type | |
| Withdrawn status | Lost status | Damaged status | Not for loan | Home library | Current library | Shelving location | Date acquired | Total checkouts | Full call number | Barcode | Date last seen | Price effective from | Koha item type |
|---|---|---|---|---|---|---|---|---|---|---|---|---|---|
| Biblioteca Prof. Eusebio Cleto del Rey | Biblioteca Prof. Eusebio Cleto del Rey | 07/04/2026 | 338.124 B687 | L127119 | 07/04/2026 | 07/04/2026 | Libro |